00527nam a2200121Ia 4500008004100000082001800041100002700059245006200086260002500148300001100173440004900184650017200233120622s9999 xx 000 0 und d a759.972 S679p aSodi Pallares, Ernesto aPinacoteca Virreinal de San Diego / Ernesto Sodi Pallares aMéxico : La Prensa a190 p. aPopulibros, La Prensa. Colección selecta 1 a1. PINTORES MEXICANOS - 1521-1821 \ 2. PINTURA - MEXICO - HISTORIA - COLONIA, 1521-1821 \ 3. PINTURA COLONIAL - MEXICO \ 4. PINACOTECA VIRREINAL (MEXICO) - PINTURASÌ